Tiểu thuyết hiện đại = Modern world fiction

Salvato in:
Dettagli Bibliografici
Autore principale: Brewster, Dorothy
Natura: Libro
Lingua:Undetermined
Pubblicazione: Hà Nội Lao động 2003
Soggetti:
Tags: Aggiungi Tag
Nessun Tag, puoi essere il primo ad aggiungerne! !
Thư viện lưu trữ: Trung tâm Học liệu Trường Đại học Cần Thơ
LEADER 00628nam a2200217Ia 4500
001 CTU_94022
008 210402s9999 xx 000 0 und d
020 |c 33000 
082 |a 809.3 
082 |b B848 
100 |a Brewster, Dorothy 
245 0 |a Tiểu thuyết hiện đại = 
245 0 |b Modern world fiction 
245 0 |c Dorothy Brewster, John Angus Burell ; Dương Thanh Bình biên dịch 
260 |a Hà Nội 
260 |b Lao động 
260 |c 2003 
650 |a Fiction 
650 |x History and criticism 
904 |i Minh 
980 |a Trung tâm Học liệu Trường Đại học Cần Thơ